000 00989cam a22003013a 4500
001 1194
005 20230808091916.0
008 010730s2001 nyu j 000 1 eng d
020 _a0439164524 (pbk.)
040 _aOCO
_cOCO
_dJED
_dDLC
050 0 0 _aPZ7.K837
082 _a813.54
100 1 _aKorman, Gordon.
245 1 0 _aEscape /
_cGordon Korman.
260 _aNew York :
_bScholastic Inc.,
_c2001.
300 _a132 pages :
_c20 cm.
490 0 _aIsland ;
_vBook 3
500 _a"An Apple paperback."
505 _aM
520 _aLuke, Charla, Will, Lyssa, J.J., and Ian aren't alone on their desert island. They've survived so far -- but now their enemies are closing in. They have only one chance at escaping. Will they make it?
521 _a680
_bLexile
521 _aM
_bRaz-Plus
650 _2Island
655 7 _aAdventure fiction.
_2gsafd
655 7 _aChildren's stories.
_2lcsh
906 _a7
_bcbc
_ccopycat
_d2
_encip
_f20
_gy-genrareb
942 _2ddc
_cBK
_n0
999 _c1194
_d1194